Central Library OPAC University of Rajshahi

The impeachment of Warren Hastings / (Record no. 56228)

MARC details
000 -LEADER
fixed length control field 00665nam a2200217 a 4500
001 - CONTROL NUMBER
control field 56228
003 - CONTROL NUMBER IDENTIFIER
rucl marc code BD-RjUL
005 - DATE AND TIME OF LATEST TRANSACTION
control field 20211209080353.0
008 - FIXED-LENGTH DATA ELEMENTS--GENERAL INFORMATION
fixed length control field 161127s1965 enk b 000 0 eng
035 ## - SYSTEM CONTROL NUMBER
System control number (BD-RjUL)56352
040 ## - CATALOGING SOURCE
Original cataloging agency DLC
Transcribing agency ODaWU
Modifying agency BD-RjUL
Language of cataloging eng
041 ## - LANGUAGE CODE
Language code of text/sound track or separate title eng
082 ## - DEWEY DECIMAL CLASSIFICATION NUMBER
Edition number 23
Classification number 954.0298
Author mark and year MAI 1965
100 1# - MAIN ENTRY--PERSONAL NAME
Personal name Marshall, P. J.
Fuller form of name (Peter James)
9 (RLIN) 167313
245 14 - TITLE STATEMENT
Title The impeachment of Warren Hastings /
Statement of responsibility, etc. P. J. Marshall.
260 ## - PUBLICATION, DISTRIBUTION, ETC. (IMPRINT)
Place of publication, distribution, etc. London :
Name of publisher, distributor, etc. Oxford University Press,
Date of publication, distribution, etc. 1965.
300 ## - PHYSICAL DESCRIPTION
Pagination xix, 217 p.
Size 23 cm.
504 ## - BIBLIOGRAPHY, ETC. NOTE
Bibliography, etc Includes Bibliographical References and Index
600 10 - SUBJECT ADDED ENTRY--PERSONAL NAME
Personal name Hastings, Warren,
Dates associated with a name 1732-1818.
942 ## - ADDED ENTRY ELEMENTS (KOHA)
Source of classification or shelving scheme Dewey Decimal Classification
Koha item type Books
Holdings
Lost status Source of classification or shelving scheme Damaged status Not for loan Collection code Permanent Location Current Location Shelving location Date acquired Source of acquisition Cost, normal purchase price Total Checkouts Full call number Date last seen Copy number Koha item type
  Dewey Decimal Classification     Non-fiction Central Library, University of Rajshahi Central Library, University of Rajshahi   23/07/1973 Euro bangladesh News agency 38.50   954.0298 MAI 1965 27/11/2016 C-2 Books